LEADER 01238nam a2200241 i 4500 001 000000063377 003 CaOOAMICUS 005 20130604000000.0 008 130604s1959 xx u000 u fre u 013 $a34549 040 $aSeMil$bita 100 1 $aBoisset, Jean.$0(OLS)http://semarc/name/13078 245 10$aSagesse et Sainteté dans la pensée de Jean Calvin :$bEssai sur l'Humanisme du Réformateur Français /$cpar Jean Boisset. 260 $aParis :$bPresses Universitaires de France,$c1959. 300 $a454 p. ;$c26 cm. 490 0 $aBibliothèque de l'École des hautes études. Sciences religieuses ;$vVolume71. 500 $aBibliographie generale. 600 14$aCalvino, Giovanni .$0(OLS)http://semarc/subject/3437 830 0$aBibliothèque de l'École des hautes études. Sciences religieuses ;$vVolume71.$0(OLS)http://semarc/title/20486 850 $aSeMil 852 $aSeMil$W1$xVenegono$y1$m2M IV 141$j29530$B29530$CSeMilBibl$Z2$F29533 $81 996 $6245$aSagesse et Sainteté dans la pensée de Jean Calvin :$bEssai sur l'Humanisme du Réformateur Français$9(OLS)http://semarc/title/100082 996 $6260$aParis :$bPresses Universitaires de France$9(OLS)http://semarc/publisher/30047 LEADER 01633nam a2200349 i 4500 001 000000107254 003 CaOOAMICUS 005 20070308000000.0 008 070308s1993 it u000 u ita u 013 $a79481 020 $a88-215-2625-9 040 $aSeMil$bita 100 0 $aIoannes Paulus II,$c.$0(OLS)http://semarc/name/646 245 10$aSolo per amore :$briflessioni sul celibato sacerdotale /$cintroduzione di S.E. Card. José T. Sánchez ; con la Lettera inviata da Giovanni Paolo 2. ai sacerdoti in occasione del Giovedì Santo. 260 $aCinisello Balsamo (MI) :$bPaoline,$c1993. 300 $a222 p. ;$c22 cm. 490 0 $aDimensioni dello spirito : collana di classici del pensiero cristiano moderno ;$v26. 500 $aFondo Card. C.M. Martini. 650 4$aCelibato ecclesiastico.$0(OLS)http://semarc/subject/1627 700 1 $aSánchez, José T. .$0(OLS)http://semarc/name/24089 830 0$aDimensioni dello spirito ;$v26.$0(OLS)http://semarc/title/428593 850 $aSeMil 852 $aSeMil$W1$xVenegono$y1$m2C II 516 °$j63350$B63350$CSeMilBibl$Z2$F121842 $81 900 1 $aWojtyla, Karol,$d<1920-2005>. 900 0 $aGiovanni Paolo II$c. 941 1 $a4 961 $aOmaggio: Martini Card. Carlo Maria 996 $6020$a88-215-2625-9$9(OLS)http://semarc/number/88181 996 $6245$aSolo per amore :$briflessioni sul celibato sacerdotale$9(OLS)http://semarc/title/155606 996 $6260$aCinisello Balsamo (MI) :$bPaoline$9(OLS)http://semarc/publisher/29714